|
|
|
|
| LEADER |
00945nam a22001697a 4500 |
| 020 |
|
|
|a 81-7808-041-9
|
| 082 |
|
|
|a 005.10685
|b JAL/C
|
| 100 |
|
|
|a Pankaj jalote
|9 177766
|
| 245 |
|
|
|a CMM in practice : processes for executing software projects at Infosys
|
| 260 |
|
|
|a Delhi
|b Pearson education
|c 2000
|
| 300 |
|
|
|a xiii+372p.
|
| 650 |
|
|
|a Software engineering
|9 177767
|
| 650 |
|
|
|a Capability maturity model (Computer software)
|9 177768
|
| 856 |
|
|
|u https://books.google.co.in/books?id=cutP4kji41wC&printsec=frontcover&dq=CMM+in+practice+:+processes+for+executing+software+projects+at+Infosys&hl=en&sa=X&ved=0CCcQ6wEwAGoVChMIgrCLmLKyxwIVglmOCh20iwCh#v=onepage&q=CMM%20in%20practice%20%3A%20processes%20for%20executing%20software%20projects%20at%20Infosys&f=false
|
| 942 |
|
|
|c BK
|
| 999 |
|
|
|c 191169
|d 191165
|
| 952 |
|
|
|0 0
|1 0
|4 0
|6 005_106850000000000_JAL_C
|7 0
|8 NFIC
|9 191804
|a SMBS
|b SMBS
|c GEN
|d 2015-08-18
|g 350.00
|l 0
|o 005.10685 JAL/C
|p SMBSS53
|r 2015-08-18
|w 2015-08-18
|y BBK
|